Alternativas europeas a la crisis centroamericana: Propuestas europeas frente a la crisis centroamericana

保存先:
書誌詳細
フォーマット: テキスト
出版事項: Santander: ICI
タグ: タグ追加
タグなし, このレコードへの初めてのタグを付けませんか!

MARC

LEADER 00000 a a2200000 04500
001 24353
003
040
090 |a 172709  
245 |a Alternativas europeas a la crisis centroamericana: Propuestas europeas frente a la crisis centroamericana  
260 |a Santander:   |b ICI  
300 |a 150 p.  
999 |c 484  |d 484